Ocho teorías sobre religión

Salvato in:
Dettagli Bibliografici
Autore principale: Pals, Daniel L. (autor)
Altri autori: Bernet, Roberto Heraldo (traducción)
Natura: Libro
Lingua:spagnolo
Pubblicazione: Barcelona, España: Herder, 2013.
Edizione:2a. ed
Soggetti:
Tags: Aggiungi Tag
Nessun Tag, puoi essere il primo ad aggiungerne!!

MARC

LEADER 00000cam a2200000 a 4500
001 UCD2167
003 CL-VaPUC
005 20241218120933.0
008 160414e20130000sp |||||||||||||||||spa|d
999 |c 363362  |d 363360 
020 |a 9788425432149 
040 |c Pontificia Universidad Católica de Valparaíso 
082 0 4 |a 200.1  |b PAL  |2 21 
100 |a Pals, Daniel L.  |e autor  |9 585449 
245 1 0 |a Ocho teorías sobre religión 
250 |a 2a. ed 
260 |a Barcelona, España:  |b Herder,  |c 2013. 
300 |a 558 páginas. 
583 |a last modification  |c 20160414 22:20:00  |k Rodrigo Vera 
650 0 |a Antropología de la religión  |9 894579  |x Judaísmo  |x Cristianismo  |x Animismo  |x Magia 
650 0 |a Sociología de la religión   |9 337481  |x Judaísmo  |x Cristianismo 
700 |a Bernet, Roberto Heraldo  |e traducción  |9 880323 
942 |c BK  |2 ddc 
945 |d 20160414 22:20:00  |a arojas 
952 |0 0  |1 0  |3 erb  |4 0  |6 200_100000000000000_PAL_2013  |7 0  |8 A  |9 475554  |a BIBTEO  |b BIBTEO  |i 5281539  |l 1  |m 2  |o 200.1 PAL 2013  |p 5281539  |r 2025-01-17  |s 2023-05-04  |w 2019-11-24  |y BK  |z Catalogado en:20160414  |k ICR